<?xml version="1.0" encoding="UTF-8"?>
<marc:record xmlns:marc="http://www.loc.gov/MARC21/slim">
   <marc:leader>00000nam a2200000 a 4500</marc:leader>
   <marc:datafield ind1="1" ind2=" " tag="100">
      <marc:subfield code="a">Nguyen, Qui</marc:subfield>
   </marc:datafield>
   <marc:datafield ind1="1" ind2=" " tag="100">
      <marc:subfield code="a">Hall, Don</marc:subfield>
   </marc:datafield>
   <marc:datafield ind1="0" ind2="0" tag="245">
      <marc:subfield code="a">Strange World [Bildtonträger]</marc:subfield>
   </marc:datafield>
   <marc:datafield ind1="0" ind2="0" tag="245">
      <marc:subfield code="c">Regie: Don Hall, Qui Nguyen</marc:subfield>
   </marc:datafield>
   <marc:datafield ind1=" " ind2="1" tag="264">
      <marc:subfield code="b">Walt Disney</marc:subfield>
      <marc:subfield code="c">2023</marc:subfield>
   </marc:datafield>
   <marc:datafield ind1="1" ind2=" " tag="490">
      <marc:subfield code="a">Disney</marc:subfield>
   </marc:datafield>
   <marc:datafield ind1="1" ind2=" " tag="520">
      <marc:subfield code="a">Der legendäre Entdecker Jaeger Clade versucht gemeinsam mit seinem Sohn Searcher ein neues Gebiet hinter den Bergen von Avalonia zu entdecken. Auf dieser Reise merkt Searcher aber, dass er eigentlich ein Farmer und kein Entdecker sein möchte. So trennen sich ihre Wege und Jaeger bricht alleine auf, um das fremde Gebiet zu erkunden.</marc:subfield>
   </marc:datafield>
   <marc:datafield ind1=" " ind2=" " tag="020">
      <marc:subfield code="a">8717418612948</marc:subfield>
      <marc:subfield code="9">8717418612948</marc:subfield>
   </marc:datafield>
   <marc:datafield ind1=" " ind2=" " tag="500">
      <marc:subfield code="a">Orig.: USA 2022. Sprache: Deutsch (Dolby Digital 5.1), Englisch (Dolby Digital 5.1), Polnisch (Dolby Digital 5.1). Untertitel: Deutsch, Englisch (für Hörgeschädigte), Polnisch</marc:subfield>
   </marc:datafield>
   <marc:datafield ind1="0" ind2=" " tag="490">
      <marc:subfield code="v">0</marc:subfield>
   </marc:datafield>
   <marc:datafield ind1=" " ind2=" " tag="300">
      <marc:subfield code="a">1 DVD (98 Min.) : farbig</marc:subfield>
   </marc:datafield>
</marc:record>
